Теория и практика применения микро- и ультрамикроудобрений в рисоводстве (Запись № 11984134)

Подробности
000 -МАРКЕР
контрольное поле 02302nam0a2200385 i 4500
001 - ИДЕНТИФИКАТОР ЗАПИСИ
контрольное поле RU\NLR\BIBL_A\011213200
005 - ИДЕНТИФИКАТОР ВЕРСИИ
контрольное поле 20241105121445.0
010 ## - МЕЖДУНАРОДНЫЙ СТАНДАРТНЫЙ НОМЕР КНИГИ (ISBN)
Номер (ISBN) 9785990833692
Тираж 1000
021 ## - НОМЕР ГОСУДАРСТВЕННОЙ РЕГИСТРАЦИИ
Код страны российская федерация
Номер 2016-66877
Номер Листа государственной регистраци 4286
035 ## - ДРУГИЕ СИСТЕМНЫЕ НОМЕРА
Идентификатор записи (NLR Aleph) 011213200
100 ## - ДАННЫЕ ОБЩЕЙ ОБРАБОТКИ
Данные общей обработки 20160916d2016 km y0rusy50 ca
101 0# - ЯЗЫК РЕСУРСА
Язык текста, звукозаписи и т.д. русский
Язык резюме английский
102 ## - СТРАНА ПУБЛИКАЦИИ ИЛИ ПРОИЗВОДСТВА
Страна публикации российская федерация
105 ## - ПОЛЕ КОДИРОВАННЫХ ДАННЫХ: ТЕКСТОВЫЕ МАТЕРИАЛЫ, МОНОГРАФИЧЕСКИЕ
Кодированные данные о монографическом текстовом документе ac||z|||000yy
200 1# - ЗАГЛАВИЕ И СВЕДЕНИЯ ОБ ОТВЕТСТВЕННОСТИ
Основное заглавие Теория и практика применения микро- и ультрамикроудобрений в рисоводстве
Параллельное заглавие Theory and practice of using micro- and ultramicrofertilizers in rice growing
Первые сведения об ответственности А.Х. Шеуджен
Последующие сведения об ответственности Рос. акад. наук [и др.]
Язык параллельного заглавия английский
205 ## - СВЕДЕНИЯ ОБ ИЗДАНИИ
Сведения об издании 2-е изд., перераб. и доп.
210 ## - ПУБЛИКАЦИЯ, РАСПРОСТРАНЕНИЕ И ДР.
Место издания, распространения и т.д. Майкоп
Имя издателя, распространителя и т. д. Полиграф-ЮГ
Дата издания, распространения и т.д. 2016
215 ## - ФИЗИЧЕСКАЯ ХАРАКТЕРИСТИКА
Специфическое обозначение материала и объем 379 с.
Другие сведения о физической характеристике ил., портр.
Размеры 22
300 ## - ОБЩИЕ ПРИМЕЧАНИЯ
Текст примечания Авт. также на англ. яз.: A.Kh. Sheudzhen
300 ## - ОБЩИЕ ПРИМЕЧАНИЯ
Текст примечания На 4-й с. обл.: А.Х. Шеуджен, чл.-кор. Рос. акад. наук, д.чл. Европ. акад. естеств. наук, д.б.н., засл. деят. науки РФ, засл. работник с.-х. пр-ва Респ. Адыгея, лауреат рос. премии им. Д.Н. Прянишникова
300 ## - ОБЩИЕ ПРИМЕЧАНИЯ
Текст примечания В надзаг. также: ФГБОУ ВО "Куб. гос. аграр. ун-т им. И.Т. Трубилина", ФГБНУ "Всерос. науч.-исслед. ин-т риса"
300 ## - ОБЩИЕ ПРИМЕЧАНИЯ
Текст примечания Рез. на англ. яз.
320 ## - ПРИМЕЧАНИЯ О НАЛИЧИИ В ДОКУМЕНТЕ БИБЛИОГРАФИИ / УКАЗАТЕЛЯ
Текст примечания Библиогр.: с. 364-377 (223 назв.)
510 1# - ПАРАЛЛЕЛЬНОЕ ЗАГЛАВИЕ
Связь между полями z73790
Параллельное заглавие Theory and practice of using micro- and ultramicrofertilizers in rice growing
Язык заглавия английский
600 #1 - ИМЯ ЛИЦА КАК ПРЕДМЕТ
Начальный элемент ввода Алешин
Часть имени, кроме начального элемента ввода Е. П.
Даты 1931 - 2014
Расширение инициалов личного имени Евгений Павлович
Системный номер авторитетной/нормативной записи 951252
Идентификатор авторитетной/нормативной записи RU\NLR\AUTH\6634868
606 ## - НАИМЕНОВАНИЕ ТЕМЫ КАК ПРЕДМЕТ
Наименование темы Рис
Тематический подзаголовок Микроудобрения
Системный номер авторитетной/нормативной записи 2300736
Идентификатор авторитетной/нормативной записи RU\NLR\AUTH\6601604001
686 1# - ИНДЕКСЫ ДРУГИХ КЛАССИФИКАЦИЙ
Индекс П1д(2)Алешин
686 1# - ИНДЕКСЫ ДРУГИХ КЛАССИФИКАЦИЙ
Индекс П212.3-434
700 #1 - ИМЯ ЛИЦА - ПЕРВИЧНАЯ ОТВЕТСТВЕННОСТЬ
Графика поля Кириллица
Материалы, к которым относится поле rus
Начальный элемент ввода Шеуджен
Часть имени, кроме начального элемента ввода А. Х.
Дополнения к именам, кроме дат д-р биол. наук
Даты 1952-
Расширение инициалов личного имени Асхад Хазретович
Системный номер авторитетной/нормативной записи 164500
Идентификатор авторитетной/нормативной записи RU\NLR\AUTH\770164544
790 #1 - ИМЯ ЛИЦА - АЛЬТЕРНАТИВНАЯ ФОРМА
Графика поля Латинская
Материалы, к которым относится поле rus
Начальный элемент ввода Šeudžen
Часть имени, кроме начального элемента ввода A. Ch.
Дополнения к именам, кроме дат д-р биол. наук
Даты 1952-
Расширение инициалов личного имени Aschad Chazretovič
Системный номер авторитетной/нормативной записи 164506
Идентификатор авторитетной/нормативной записи RU\NLR\AUTH\770164550
942 ## - ДОПОЛНИТЕЛЬНЫЕ ЭЛЕМЕНТЫ ЗАПИСИ (АБИС)
Тип экземпляра АБИС Книга
980 ## - КОЛЛЕКЦИЯ
Название коллекции НБР

Нет доступных экземпляров.